<?xml version="1.0" encoding="UTF-8"?>
<marc:record xmlns:marc="http://www.loc.gov/MARC21/slim">
   <marc:leader>00000nam a2200000 a 4500</marc:leader>
   <marc:datafield ind1="1" ind2=" " tag="100">
      <marc:subfield code="a">Abadi, Sou [Regie]</marc:subfield>
      <marc:subfield code="4">aut</marc:subfield>
      <marc:subfield code="e">Verfasser/-in</marc:subfield>
   </marc:datafield>
   <marc:datafield ind1="1" ind2=" " tag="100">
      <marc:subfield code="a">Moati Felix</marc:subfield>
   </marc:datafield>
   <marc:datafield ind1="1" ind2=" " tag="100">
      <marc:subfield code="a">Jordana, Camlia</marc:subfield>
   </marc:datafield>
   <marc:datafield ind1=" " ind2=" " tag="653">
      <marc:subfield code="a">s||Komödie&lt;Spielfilmgattung&gt;</marc:subfield>
   </marc:datafield>
   <marc:datafield ind1="0" ind2="0" tag="245">
      <marc:subfield code="a">Voll verschleiert [Bildtonträger]</marc:subfield>
   </marc:datafield>
   <marc:datafield ind1="0" ind2="0" tag="245">
      <marc:subfield code="c">Ein Film von Sou Abadi. Mit Camlia Jordana, Felix Moati, ...</marc:subfield>
   </marc:datafield>
   <marc:datafield ind1=" " ind2="1" tag="264">
      <marc:subfield code="a">o. O.</marc:subfield>
      <marc:subfield code="b">EuroVideo Medien</marc:subfield>
      <marc:subfield code="c">2018</marc:subfield>
   </marc:datafield>
   <marc:datafield ind1="1" ind2=" " tag="520">
      <marc:subfield code="a">Armand und Leila, Studenten der Wirtschaftswissenschaften, sind frisch verliebt. Gemeinsam haben sie Großes vor: Sie wollen nach New York ziehen und dort ein Praktikum bei den Vereinten Nationen absolvieren. Doch kurz vor ihrer Abreise durchkreuzt Leilas Bruder Mahmoud ihre Zukunftsplanung. Zurück von einem längeren Aufenthalt aus dem Jemen, der ihn verändert hat, wendet er sich gegen die romantische Beziehung seiner Schwester zu einem Mann und beschließt, dass Armand in Leilas Leben nichts verloren hat. Armand und Leila bleibt keine Wahl: Um sich überhaupt treffen zu können, muss Armand einen Niqab tragen, sodass er sie unerkannt besuchen kann. Getarnt als Leilas neue beste Freundin Scheherazade geht Armand zuhause ein und aus und verdreht Mahmoud mit scheuem Wesen und wunderschönen Augen unbeabsichtigt den Kopf.</marc:subfield>
   </marc:datafield>
   <marc:datafield ind1=" " ind2=" " tag="020">
      <marc:subfield code="a">? 14,30</marc:subfield>
      <marc:subfield code="9">? 14,30</marc:subfield>
   </marc:datafield>
   <marc:datafield ind1=" " ind2=" " tag="041">
      <marc:subfield code="a">ger</marc:subfield>
   </marc:datafield>
   <marc:datafield ind1=" " ind2=" " tag="500">
      <marc:subfield code="a">Französ.OF : Deutsch /</marc:subfield>
   </marc:datafield>
   <marc:datafield ind1="0" ind2=" " tag="490">
      <marc:subfield code="v">0</marc:subfield>
   </marc:datafield>
   <marc:datafield ind1=" " ind2=" " tag="300">
      <marc:subfield code="a">85' : 1 DVD</marc:subfield>
   </marc:datafield>
</marc:record>
